Представление документа в формате RUSMARC

ПолеНазваниеЗначение
  Тип записи a
  Библиографический уровень m
001 Контрольный номер RU/SLIB/B/208756231
005 Дата корректировки 20201206204154.3
010 Индекс ISBN __
d Цена 17750-00
101 Язык документа __
a Язык текста rus
200 Заглавие и сведения об ответственности __
a Заглавие Энциклопедия сновидений
b Общее обозначение материала Текст
210 Выходные данные __
a Место издания М.
c Издательство Терра
c Издательство Кн. лавка-РТР
d Дата издания 1996
215 Физическое описание __
a Объем 382 с.
225 Серия __
a Серия Русский дом
606 Тематические рубрики __
a Основная рубрика Религия. Мистика. Свободомыслие
606 Тематические рубрики __
a Основная рубрика Магия, мантика
610 Ключевые слова __
a Ключевые слова сновидения; сны; толкование снов; толкование сновидений
686 Индексы других классификаций __
a Классификационный индекс 86.41я2
801 Источник записи _0
a Страна RU
b Организация Муниципальное бюджетное учреждение культуры "Централизованная библиотечная система" г. Сургут (Центральная городская библиотека им. А. С. Пушкина)
g Правила каталогизации КиК/Уланова
801 Источник записи _1
a Страна RU
b Организация Муниципальное бюджетное учреждение культуры "Централизованная библиотечная система" г. Сургут (Центральная городская библиотека им. А. С. Пушкина)
g Правила каталогизации КиК/Уланова
852 Данные о местонахождении __
j Шифр хранения 86.41я2
c Каталожный индекс 86.41я2
i Авторский знак Э 68
p Инвентарный номер 65787
901 Тип документа __
t Тип документа m
969 Тип издания __
a Тип издания энциклопедия
990 Данные о заказе (DOS) __
j Количество экземпляров (DOS) 1